[Event "GER-chT School WK Girls"]
[Site "Playchess.com INT"]
[Date "2020.06.10"]
[Round "1.3"]
[White "Zaimi, Medina"]
[Black "Mueler, Ryanna"]
[Result "0-1"]
[WhiteElo "1414"]
[BlackElo "1620"]
[PlyCount "118"]
[EventDate "2020.06.10"]
[EventType "team-swiss (blitz)"]
[EventRounds "7"]
[EventCountry "GER"]
[SourceTitle "EXT 2021"]
[Source "ChessBase"]
[SourceDate "2020.10.23"]
[SourceVersion "1"]
[SourceVersionDate "2020.10.23"]
[SourceQuality "1"]
[WhiteTeam "Hamburg Dempwolffstr"]
[BlackTeam "Oppenheim Gymn"]
[WhiteTeamCountry "GER"]
[BlackTeamCountry "GER"]

1. d4 d5 2. c3 Nf6 3. Nf3 e6 4. Bf4 c5 5. e3 Nc6 6. Bd3 c4 7. Bc2 Bd6 8. 0-0 Bxf4 9. exf4 0-0 10. Na3 a6 11. b3 Qe7 12. Qc1 b5 13. Nd2 Re8 14. Re1 Qd6 15. Nf3 Bb7 16. b4 Rad8 17. h3 h6 18. Rb1 Ba8 19. Rd1 Nh5 20. g3 Qe7 21. Qd2 Nf6 22. Re1 Qd6 23. Rbd1 Kf8 24. h4 Ng4 25. Kg2 Ne7 26. Kf1 Kg8 27. Qe2 Nf6 28. Ne5 Nd7 29. Ng4 Bb7 30. Rc1 Nf5 31. Rcd1 Ne7 32. Nb1 Qb6 33. Nd2 a5 34. Nf3 axb4 35. cxb4 Nc6 36. a3 Ra8 37. Ra1 Nxd4 38. Nxd4 Qxd4 39. Kg2 Qc3 40. Red1 d4+ 41. Kh2 d3 42. Qd2 Qxc2 43. Qc1 Qxc1 44. Rdxc1 Bf3 45. Ne3 d2 46. Rd1 c3 47. Kh3 Bxd1 48. Nxd1 c2 49. f3 c1Q 50. Rxc1 dxc1Q 51. Nf2 Rxa3 52. g4 Rxf3+ 53. Kg2 Rxf2+ 54. Kxf2 Rc8 55. Kf3 Rc4 56. g5 h5 57. Kg3 Qa3+ 58. Kf2 Rc2+ 59. Kf1 Qa1# 0-1